Catedrales de Francia
Saved in:
| Hovedforfatter: | |
|---|---|
| Format: | Bog |
| Sprog: | spansk |
| Udgivet: |
París
Larousse
1952
|
| Fag: | |
| Tags: |
Tilføj Tag
Ingen Tags, Vær først til at tagge denne postø!
|
MARC
| LEADER | 00000nam a2200000 a 4500 | ||
|---|---|---|---|
| 001 | UCT8436 | ||
| 003 | CL-VaPUC | ||
| 008 | 970326e19520000FR |||||||||||||||||spa|d | ||
| 082 | 0 | 4 | |a 726.6 |b BEL |2 21 |
| 100 | 0 | |a Belvianes, Marcel |e author |9 380169 | |
| 245 | 1 | 0 | |a Catedrales de Francia |
| 300 | |a 64 p | ||
| 942 | |c BK | ||
| 945 | |d 19970326 00:00:00 |a rleighto | ||
| 260 | |a París |b Larousse |c 1952 | ||
| 650 | 7 | |a CATEDRALES |2 CL-VaPUC |9 267660 | |
| 650 | 0 | |a Arquitectura |9 804558 | |
| 650 | 0 | |a Edificios religiosos |9 335394 | |
| 650 | 7 | |a MONUMENTOS ARQUITECTONICOS |2 CL-VaPUC |9 369656 | |
| 651 | 0 | |a Francia |9 255157 | |
| 583 | |a last modification |c 19970326 00:00:00 |k Rodrigo Vera | ||
| 999 | |c 256933 |d 256931 | ||
| 952 | |0 0 |1 0 |4 0 |6 726_600000000000000_BEL_1952 |7 0 |8 A |9 280094 |a BIBARQ |b BIBARQ |d 2019-11-19 |i 3289524 |o 726.6 BEL 1952 |p 3289524 |r 2025-01-20 |w 2019-11-19 |y BK |k ARQ | ||